| 000 | 00517nam a2200181Ia 4500 | ||
|---|---|---|---|
| 008 | 151202s9999||||xx |||||||||||||| ||und|| | ||
| 082 | _bPNVM-58581 | ||
| 100 | _aरानडे जयंत. | ||
| 245 | _aहॉटगेम. | ||
| 260 | _b"श्रदा प्रकाशन,पुणे." | ||
| 260 | _c1991 | ||
| 300 | _a172 | ||
| 600 | _aरानडे जयंत. | ||
| 630 | _aहॉटगेम. | ||
| 700 | _aरानडे जयंत. | ||
| 730 | _aहॉटगेम. | ||
| 942 | _cBOOK | ||
| 999 |
_c1325116 _d1325113 |
||